Quelle est (était) la taille de ces personnalités 3 - Statistiques

Statistiques générales
  • Ce quiz a été pris 17 fois
  • Le résultat moyen est 2 sur 20
Statistiques - réponses
Hint Réponse % Correct
Teddy Riner 2,04 m
38%
Laetitia Casta 1,69 m
23%
Linda Evangelista 1,77 m
23%
Jacques Chancel 1,70 m
15%
Cyril Hanouna 1,77 m
15%
Stevie Wonder 1,83 m
15%
Louis XIV 1,84 m
15%
Kamini 1,86 m
15%
Henry (Harry) Windsor 1,88 m
15%
Booba 1,92 m
15%
David Douillet 1,96 m
15%
Christophe Lemaître 1,89 m
8%
Sébastien Chabal 1,91 m
8%
Camille Lacourt 1,97 m
8%
Adolf Hitler 1,72 m
0%
Cindy Crawford 1.75 m
0%
Cistina Cordula 1,76 m
0%
Vincent Moscato 1,79 m
0%
Jean-Paul Gaultier 1,80 m
0%
Philibert de Savoie 1,82 m
0%
Aucun quiz correspondant
Distribution des résultats
% des personnes avec chaque résultat
Percentile par nombre de réponses
Votre historique - résultats
Vous n’avez pas pris ce quiz